000 00665nam a2200277Ia 4500
005 20260324120139.0
008 008 260324s9999 xx 000 0 eng d
020 _a9781315735528
037 _aEBOOK
040 _aCRL
040 _beng
040 _cCRL
041 _2eng
041 _aeng
084 _qCRL
100 _aAlex Opoku; Vian Ahmed
_91157426
245 0 _aLeadership and Sustainability in the Built Environment
260 _bTaylor and Francis
260 _c2015
365 _a
365 _b340
856 _uhttp://www.taylorfrancis.com/books/9781315735528
942 _cEBOOK
999 _c1748784
_d1748784